ARRUPE JESUIT UNIVERSITY

CORONAVIRUS -STOP THE SPREAD - CLEAN,DISINFECT,COVER

A history of Southern Africa / (Record no. 13687)

MARC details
000 -LEADER
fixed length control field 00885cam a2200265 a 4500
001 - CONTROL NUMBER
control field 2880168
003 - CONTROL NUMBER IDENTIFIER
control field ARRUPE
005 - DATE AND TIME OF LATEST TRANSACTION
control field 20170529110316.0
008 - FIXED-LENGTH DATA ELEMENTS--GENERAL INFORMATION
fixed length control field 861215s1987 enka b 001 0 eng
010 ## - LIBRARY OF CONGRESS CONTROL NUMBER
LC control number 86032007
020 ## - INTERNATIONAL STANDARD BOOK NUMBER
International Standard Book Number 0435080105 (pbk. : alk. paper)
040 ## - CATALOGING SOURCE
Original cataloging agency DLC
Transcribing agency DLC
Modifying agency DLC
043 ## - GEOGRAPHIC AREA CODE
Geographic area code f-sa---
-- fs-----
050 00 - LIBRARY OF CONGRESS CALL NUMBER
Classification number DT1787
Item number .O44 1987
082 00 - DEWEY DECIMAL CLASSIFICATION NUMBER
Classification number 968
Edition number 19
300 ## - PHYSICAL DESCRIPTION
Other physical details ill. ;
Dimensions 22 x 21 cm.
100 2# - MAIN ENTRY--PERSONAL NAME
Personal name Omer-Cooper, J. D.
Fuller form of name (John D.)
9 (RLIN) 31327
245 12 - TITLE STATEMENT
Title A history of Southern Africa /
Statement of responsibility, etc J.D. Omer-Cooper.
260 ## - PUBLICATION, DISTRIBUTION, ETC. (IMPRINT)
Place of publication, distribution, etc London :
Name of publisher, distributor, etc J. Currey ;
Place of publication, distribution, etc Portsmouth, N.H. :
Name of publisher, distributor, etc Heinemann,
Date of publication, distribution, etc 1987.
300 ## - PHYSICAL DESCRIPTION
Extent xiii, 297 p. :
500 ## - GENERAL NOTE
General note Includes index.
504 ## - BIBLIOGRAPHY, ETC. NOTE
Bibliography, etc Bibliography: p. 278-285.
651 #0 - SUBJECT ADDED ENTRY--GEOGRAPHIC NAME
Geographic name South Africa
General subdivision History.
9 (RLIN) 31328
651 #0 - SUBJECT ADDED ENTRY--GEOGRAPHIC NAME
Geographic name Africa, Southern
General subdivision History.
9 (RLIN) 31329
906 ## - LOCAL DATA ELEMENT F, LDF (RLIN)
a 7
b cbc
c orignew
d 1
e ocip
f 19
g y-gencatlg
942 ## - ADDED ENTRY ELEMENTS (KOHA)
Source of classification or shelving scheme Library of Congress Classification
Koha item type Monograph ( Printed materials)
Holdings
Withdrawn status Lost status Source of classification or shelving scheme Damaged status Not for loan Collection code Home library Current library Shelving location Date acquired Total Checkouts Full call number Barcode Date last seen Date checked out Copy number Price effective from Koha item type
    Library of Congress Classification     Main Collection ARRUPE LIBRARY ARRUPE LIBRARY   04/03/2013 1 DT1787.O44 1987 46003067947 07/12/2017 11/11/2015 1 04/03/2013 Monograph ( Printed materials)

 

Arrupe Library. PO Box MP320 Mt Pleasant, Harare, Zimbabwe
263 242 745411|librarian@aju.ac.zw